000 00569nam a2200181Ia 4500
008 090630s9999 xx 000 0 und d
082 _b19880
100 _aबेलसरे के. वि.
245 _aसहजसमाधी.
_cबेलसरे के. वि.
260 _bत्रदिल.
_c1966
300 _a166
600 _aबेलसरे के. वि.
630 _aसहजसमाधी.
655 _aधार्मिक.
700 _aबेलसरे के. वि.
730 _aसहजसमाधी.
942 _cBOOK
999 _c271736
_d271736